000 00513nam a22001817a 4500
005 20140109120133.0
010 _aENG-109057
020 _a9788189331221
_c395.00
035 _aEN-925590
037 _bDBAD/PUB
100 _aGarg arvind
245 _aLapiace transformation [and]fourier transformation
_cby Arvind Garg
260 _aChandigarh
_bEnkay chd
_c2012
270 _aSCO 49-51, Basement, Sector 17C
_bChandigarh
_e160017
300 _a135p.
_c20cm(Hb)
700 _dGarg Arvind
942 _2ddc
_cEN
_mGar
999 _c81760
_d81760